Fictional Elements - Statistics

General Stats
  • This quiz has been taken 414 times
  • The average score is 5 of 10
Answer Stats
Element Answer % Correct
Kryptonite Superman
98%
Vibranuim MCU
73%
Adamantium Wolverine
72%
Mithril The Lord of the Rings
63%
Dalekanium Doctor Who
50%
Unobtanium Avatar
49%
Redstone Minecraft
44%
Tritanium Star Trek the Next Generation
9%
Naqahdah Stargate
6%
Jumbonium Futurama
4%
No matching quizzes found
Score Distribution
Percent of People with Each Score
Percentile by Number Answered
Your Score History
You have not taken this quiz